| 000 | 00000nam##2200000za#4500 |
| 001 | 9.579536 |
| 003 | CaOODSP |
| 005 | 20210624190617 |
| 007 | cr ||||||||||| |
| 008 | 150406|1994||||xxc|||||o f|0| 0 eng|d |
| 022 | |a1488-5387 |
| 040 | |aCaOODSP|beng |
| 043 | |an-cn--- |
| 086 | 1 |aFs97-4/2261E-PDF |
| 110 | 1 |aCanada. |bDepartment of Fisheries and Oceans. |
| 245 | 12|aA review of the research on the benthos of Lake Winnipeg / |h[electronic resource]|cby J.F. Flannagan, D.G. Cobb and P.M. Flannagan. |
| 260 | |aWinnipeg - Manitoba : |bFisheries and Oceans Canada |c1994. |
| 300 | |a23p.|breferences, tables |
| 490 | 1 |aCanadian manuscript report of fisheries and aquatic sciences|x1488-5387|vNo. 2261 |
| 500 | |aOn t.p.: Central and Arctic Region, Winnipeg, Manitoba. The catalogue number and ISSN for the print edition appear in the PDF version. |
| 546 | |a(Résumés en français) |
| 590 | |a14-09-Supp|b2014-04-23 |
| 720 | 1 |aFlannagan, J. F. |
| 720 | 1 |aFlannagan, P. M. L. |
| 830 | #0|aCanadian manuscript report of fisheries and aquatic sciences,|x1488-5387|vNo. 2261|w(CaOODSP)9.505211 |
| 856 | 40|ahttp://publications.gc.ca|qPDF|s1404 KB|uhttps://publications.gc.ca/collections/collection_2014/mpo-dfo/Fs97-4-2261-eng.pdf|yNo. 2261 |